000 00401nam a2200157Ia 4500
008 210716s2003 xx 000 0 und d
020 _a8176567671
041 _aeng
082 _a005.43 KUSD
100 _aKushwaha, D S; Kushwaha, R S.
245 _aIntroduction to unix and c programming.
250 _a1
260 _aNew Delhi
_bBPB Publications
_c2003
300 _axvii,259
650 _aUnix
999 _c186061
_d186061